000 00415cam a2200169ua 4500
003 OSt
008 240223b |||||||| |||| 00| 0 eng d
041 _aeng
082 _a631.4
_bPAT/SO
100 _aPaten, T.R .
_96112
245 _aSoils: a new global view /
260 _a :
_bUCL Press ,
_c1995.
300 _a213 ; .
700 1 _aHumphreys, G.S .
_96113
700 1 _aMitchell, .
_96114
942 _cBK
999 _c10371
_d10371